25 ciudades más pobladas de Aragón - Estadísticas

Estadísticas generales
  • Esta prueba ha sido intentada 2.815 veces
  • La puntuación promedio es 12 de 25
Estadísticas de respuestas
Pob. Municipio Provincia % Correcto
691 k Zaragoza Zaragoza
99%
54,7 k Huesca Huesca
98%
36,5 k Teruel Teruel
98%
13,8 k Jaca Huesca
75%
19,8 k Calatayud Zaragoza
70%
17,6 k Barbastro Huesca
58%
19,0 k Utebo Zaragoza
54%
16,2 k Alcañiz Teruel
53%
17,1 k Ejea de los Caballeros Zaragoza
51%
18,1 k Monzón Huesca
49%
15,4 k Fraga Huesca
43%
9,54 k Sabiñánigo Huesca
43%
10,8 k Tarazona Zaragoza
43%
7,23 k Andorra Teruel
35%
10,4 k Caspe Zaragoza
35%
15,1 k Cuarte de Huerva Zaragoza
35%
10,1 k Binéfar Huesca
30%
7,96 k La Almunia de Doña Godina Zaragoza
30%
5,16 k Borja Zaragoza
27%
8,64 k Zuera Zaragoza
26%
7,42 k Alagón Zaragoza
25%
6,49 k María de Huerva Zaragoza
22%
6,79 k Tauste Zaragoza
22%
6,57 k La Muela Zaragoza
17%
6,52 k La Puebla de Alfindén Zaragoza
13%
No se encontraron pruebas coincidentes
Distribución de puntuación
Porcentaje de gente con cada puntuación
Porcentaje por número respondido
Historial de tus puntuaciones
No has intentado esta prueba.